00372nam a2200157Ia 4500008004100000082002100041100001900062245001800081250000600099260002700105300000800132600001900140630001800159700001900177730001800196151018s9999 xx 000 0 und d bRBASDV64314a824 aS. K. Kulkarni aArt of ageing b1 bIndus soure Bookc2013 a296 aS. K. Kulkarni aArt of ageing aS. K. Kulkarni aArt of ageing